<?xml version="1.0" encoding="UTF-8"?>
<record
    xmlns:xsi="http://www.w3.org/2001/XMLSchema-instance"
    xsi:schemaLocation="http://www.loc.gov/MARC21/slim http://www.loc.gov/standards/marcxml/schema/MARC21slim.xsd"
    xmlns="http://www.loc.gov/MARC21/slim">

  <leader>00338    a2200109   4500</leader>
  <controlfield tag="001">ART_5888</controlfield>
  <controlfield tag="005">20260410161828.0</controlfield>
  <controlfield tag="008">260409a                                 </controlfield>
  <datafield tag="245" ind1="1" ind2="0">
    <subfield code="a">Los valores y la &#xE9;tica en la ciencia econ&#xF3;mica</subfield>
  </datafield>
  <datafield tag="100" ind1="1" ind2=" ">
    <subfield code="a">Montuschi, Luisa</subfield>
  </datafield>
  <datafield tag="773" ind1="0" ind2=" ">
    <subfield code="t">Estudios Econ&#xF3;micos</subfield>
    <subfield code="g">- Vol. 25, N&#xBA; 51 (jul./dic. 2008)</subfield>
    <subfield code="w">REV5080</subfield>
  </datafield>
  <datafield tag="999" ind1=" " ind2=" ">
    <subfield code="c">22996</subfield>
    <subfield code="d">22996</subfield>
  </datafield>
</record>
